| 000 | 00958nam a2200277 a 4500 | ||
|---|---|---|---|
| 001 | 23716 | ||
| 003 | BD-RjuL | ||
| 005 | 20211209000949.0 | ||
| 008 | 140311t19701968enk 001 0aeng | ||
| 020 | _a0304935468 | ||
| 035 | _a(BD-RjUL)23781 | ||
| 040 |
_aDLC _cDLC _dm.c _dBD-RjUL _beng |
||
| 041 | _aeng | ||
| 082 | 0 | 4 |
_a923.273 _bKRM 1970 |
| 100 | 1 |
_aKrock, Arthur, _d1886-1974. _973017 |
|
| 245 | 1 | 0 |
_aMemoirs : _bIntimate recollections of twelve American Presidents from Theodore Roosevelt to Richard Nixon / _cArthur Krock |
| 260 |
_aLondon : _bCassell, _c1970. |
||
| 300 |
_axii, 508 p. ; _c24 cm. |
||
| 500 | _aNew York ed. published in 1968 under title: Memoirs : sixty years on the firing line | ||
| 504 | _aincludes index. | ||
| 600 | 1 | 0 |
_aKrock, Arthur, _d1886-1974. _973028 |
| 650 | 0 |
_aPresidents _zUnited States _973019 |
|
| 651 | 0 |
_aUnited States _xPolitics and government _y20th century _99003 |
|
| 942 |
_2ddc _cBK |
||
| 999 |
_c23716 _d23716 |
||